| 000 | 00576nam a22002057a 4500 | ||
|---|---|---|---|
| 003 | OSt | ||
| 005 | 20220107122739.0 | ||
| 008 | 140421b xxu||||| |||| 00| 0 eng d | ||
| 020 | _a9780857029812 | ||
| 040 | _cIIITM-K | ||
| 082 | _a001.42 LAM/B | ||
| 100 |
_aLambert, Mike _94350 |
||
| 245 |
_aA beginner's guide to doing your education research poject _cby Mike Lambert |
||
| 260 |
_aNew Delhi, _bSage, _c2012. |
||
| 300 | _aviii, 234p. | ||
| 650 |
_aSOCIAL SCIENCE _94351 |
||
| 650 |
_aEDUCATION RESEARCH _94352 |
||
| 650 |
_aRESEARCH METHODOLOGY _94353 |
||
| 942 |
_2ddc _cBK |
||
| 999 |
_c3908 _d3908 |
||